000 00703nam a22002057a 4500
003 OSt
005 20251030071320.0
008 251030b |||||||| |||| 00| 0 eng d
020 _a0-393-92425-4.
040 _aDWCL-Main lib
_cOC
082 _2Brief 6th ed.
_aCirc. 973 T588a 2004
100 _aTindall, George Brown
245 _aAmerica :
_ba narrative history Brief 6th ed.
_cTindall, George Brown
260 _aN. Y. :
_bW. W. Norton & Co., Inc.,
_cc2004.
300 _axxii, (various paging) :
_billustration :
_c23 cm.
504 _aIncludes bibliographical references and index.
650 _21. United States-History.
700 _aShi, David E.
942 _2ddc
_cBK-CIRC
_eBrief 6th ed.
_kCirc.
_n0
999 _c5352
_d5352